Name That Song 2 Quiz Stats

 Plays Quiz not verified by Sporcle

Challenge
Share
Tweet
Embed
Score 0/8 Timer 01:00
0 Plays Today
Lyric Song % Correct
I want your ugly, I want your disease, I want your everything as long it's free...Bad Romance
89.1%
That tonight's gonna be a good night, a good good nightI Gotta Feeling
51.2%
You take a deep breath and walk through the doors, it's the morning of your very first day...Fifteen
45.7%
I don't want a lot for Christmas, there is just one thing I need....All I want for Christmas
34.1%
Kiss me, Kiss me, say that you miss me...Love Me
33.3%
You are the thunder and I am the lightning...Naturally
32.6%
...I see you all over me...You fufill my fantasy...In My Head
18.6%
Every night I rest in my bed, With hopes that maybe I'll get a chance to see you...Sweet Dreams
17.1%

You're not logged in!

Compare scores with friends on all Sporcle quizzes.
Join for Free
OR
Log In

You Might Also Like...

Show Comments

Extras

Created Jan 30, 2010ReportNominate
Tags:Lyrics Quiz, Song Quiz, name

Top Quizzes Today


Score Distribution

Your Account Isn't Verified!

In order to create a playlist on Sporcle, you need to verify the email address you used during registration. Go to your Sporcle Settings to finish the process.

Report this User

Report this user for behavior that violates our Community Guidelines.

Details: